000 00952nam a22003137a 4500
003 DO-SdBNP
005 20171206100224.0
008 060721 2001 mx a 1 spa
017 _a
_b
020 _a9701028201
035 _a
040 _aBPMSU
_bspa
_cBPMSU
_e
082 _a
_b
092 _axxxx
_bxxxx
_2
100 1 _aSantin, Guillermo
_cDr.
245 1 0 _aVademecum radiológico :
_blo que importa en la clínica médica general /
_h
_cGuillermo Santin
260 _aMéxico :
_bMcGraw-Hill interamericana,
_c2001.
_e
_f
300 _a125 p. ;
_c29 cm.
500 _aIncluye índice.
500 _aIncluye cuestionario para evaluación del vademécum radiológico.
504 _aBiografía p: 109
650 _2NOVELA INGLESA
650 4 _2MAGIA - NOVELA
650 4 _2NOVELA JUVENIL INGLESA
942 _2ddc
_cBK
945 _aInventariado, 2017/MFF
956 _aYLOCKWARD
_210
_6BPMSU
_800144
980 _a
_a
_b
_j
_c
999 _c12784
_d12784